000 00677nam a2200217Ia 4500
005 20250508165953.0
008 008 250505s9999 xx 000 0 eng d
037 _aTextBook
040 _aFEDL
_beng
_cFEDL
041 _aeng
_2eng
084 _a375.001, REY/R
_qFEDL
100 _aReynolds William M Ed.
_9782556
245 0 _aExpanding curriculum theory: Dis/ positions and lines of flight
260 _aNew Jeresy, USA
_bLawrence Erlbaum Associates
_c2004
300 _axi, 220p.
365 _aINR
_b526
490 _aStudies in Curriculum Theory
700 _a Webber Julie A Ed.
_9782557
942 _cTB
_h375.001, REY/R
999 _c1398463
_d1398463